| 000 | 00758nam a2200325Ia 4500 | ||
|---|---|---|---|
| 001 | 12643 | ||
| 008 | 191123s9999 xx 000 0 und d | ||
| 041 | _aspa | ||
| 044 | _asp | ||
| 245 | 0 | _aImagineria castellana. | |
| 260 |
_aValladolid : _bJunta Pro Fomento de la Semana Santa, _c1947. |
||
| 300 |
_a185 p. _bilustrado |
||
| 500 | _aDonación profesor Hector Schenone. | ||
| 650 |
_aCATOLICISMO _95 |
||
| 650 | _aCOFRADIAS | ||
| 650 | _aESTAMPAS | ||
| 650 | _aIMAGENES RELIGIOSAS | ||
| 650 | _aIMAGINERIA | ||
| 650 | _aRELIGION | ||
| 650 | _aSEMANA SANTA | ||
| 902 | _aM | ||
| 903 | _am | ||
| 904 | _am | ||
| 907 | _aimpreso | ||
| 911 | _ailustrado | ||
| 912 | _a1947 | ||
| 942 | _cLIBRO | ||
| 999 |
_c10289 _d10289 |
||
| 550 | _ailustrado | ||